La intuición como proceso cognitivo /
Shranjeno v:
| Glavni avtor: | |
|---|---|
| Format: | Texto |
| Oznake: |
Označite
Brez oznak, prvi označite!
|
MARC
| LEADER | 00000 a a2200000 04500 | ||
|---|---|---|---|
| 001 | 46794 | ||
| 003 | |||
| 040 | |||
| 100 | |a Corrales Navarro, Elizabeth | ||
| 245 | |a La intuición como proceso cognitivo / |c Elizabeth Corrales Navarro | ||
| 773 | |g volumen19, número2, (2010), páginas 33-42 | ||
| 999 | |c 32303 |d 32303 | ||
